00380nam a2200121Ia 45000010005000000080041000050820022000461000063000682450061001312600024001929010027002169990015002434144241024s9999 xx 000 0 und d aRD/796/R426e/2016 aRepública Dominicana. Ministerio de Educación (MINERD) 0aEspaillat Juegos escolares nacionales (7), 2016 / MINERD bSanto Domingoc2016 a10/8/2016 9:25:46 a.m. c7922d7922